Natural Disasters and Indian History / (Record no. 69539)

MARC details
000 -LEADER
fixed length control field 00883nam a22002657a 4500
005 - DATE AND TIME OF LATEST TRANSACTION
control field 20140606113242.0
010 ## - LCCN (DPL NO)
LC control number ENG-105700
020 ## - INTERNATIONAL STANDARD BOOK NUMBER
International Standard Book Number 9780198075370
Terms of availability 195.00
020 ## - INTERNATIONAL STANDARD BOOK NUMBER
International Standard Book Number 0198075375
Terms of availability 195.00
035 ## - SYSTEM CONTROL NUMBER
System control number EN-89233
035 ## - SYSTEM CONTROL NUMBER
System control number B-506664
037 ## - SOURCE OF ACQUISITION
Source of stock number/acquisition DBAD/PUB
037 ## - SOURCE OF ACQUISITION
Source of stock number/acquisition BSB/Ven
Stock number dpl
082 ## - DEWEY DECIMAL CLASSIFICATION NUMBER
Classification number 363.34
082 ## - DEWEY DECIMAL CLASSIFICATION NUMBER
Classification number 363.340954
100 ## - MAIN ENTRY--PERSONAL NAME
Personal name Roy, Tirthankar
245 ## - TITLE STATEMENT
Title Natural Disasters and Indian History /
Statement of responsibility, etc by Tirthankar Roy
260 ## - PUBLICATION, DISTRIBUTION, ETC. (IMPRINT)
Place of publication, distribution, etc New Delhi
Name of publisher, distributor, etc Oxford University Press
Date of publication, distribution, etc 2012
270 ## - ADDRESS
Address YMCA Library Building, 1 Jai Singh Road
City New Delhi
Postal code 110001
300 ## - PHYSICAL DESCRIPTION
Extent xii,165p.
Dimensions 18cm(pbk)
490 ## - SERIES STATEMENT
Series statement Oxford India short introductions
500 ## - GENERAL NOTE
General note Includes bibliographical references and index
942 ## - ADDED ENTRY ELEMENTS (KOHA)
Source of classification or shelving scheme Dewey Decimal Classification
Item type English Books
Call number suffix ROY
Classification part 363.340954
Holdings
Withdrawn status Lost status Not for loan Collection code Home library Current library Date acquired Source of acquisition Cost, normal purchase price Full call number Barcode Copy number Cost, replacement price Koha item type
      Non-fiction Central Library Central Library 06/06/2014 BSB/880/09.03.2013/169/08.03.2013/22.03.2013 195.00 363.340954 ROY B-506664 1 195.00 English Books
    Not For Loan Non-fiction D.B.Act.Division D.B.Act.Division 30/08/2012 DBAD / PUB 195.00 363.34 ROY EN-89233 1 195.00 English Books

© Delhi Public Library
Hit Counter
free hit counter